Declaración para la pesca responsable y sostenible

Gespeichert in:
Bibliographische Detailangaben
Körperschaft: Sonapesca (VerfasserIn)
Format: Buch
Sprache:Spanisch
Veröffentlicht: Santiago Sonapesca 2015
Ausgabe:1a. ed
Schlagworte:
Tags: Tag hinzufügen
Keine Tags, Fügen Sie den ersten Tag hinzu!

MARC

LEADER 00000cam a2200000 a 4500
001 UCD0822
003 CL-VaPUC
008 151218e20150000cl |||||||||||||||||spa|d
082 0 4 |a 639.2  |b SON  |2 21 
110 2 |a Sonapesca  |e author  |9 583845 
245 1 0 |a Declaración para la pesca responsable y sostenible 
246 1 0 |a Statement for responsible and sustainable fisheries 
250 |a 1a. ed 
300 |a pág. irreg 
942 |c BK 
945 |d 20151218 14:15:00  |a arojas 
260 |a Santiago  |b Sonapesca  |c 2015 
650 0 |a Pesca  |9 258707 
650 7 |a PESCA COMERCIAL  |2 CL-VaPUC  |9 583846 
650 0 |a Responsabilidad  |9 308399 
650 0 |a Sostenibilidad  |9 542300 
651 7 |a CHILE  |2 CL-VaPUC  |9 583847 
583 |a last modification  |c 20151218 14:15:00  |k Rodrigo Vera 
999 |c 362259  |d 362257 
952 |0 0  |1 0  |3 erd  |4 0  |6 639_200000000000000_SON_2015  |7 0  |8 CCM  |9 473311  |a BIBCUR  |b BIBCUR  |i 5257492  |o 639.2 SON 2015  |p 5257492  |r 2025-04-22  |w 2019-11-24  |y BK  |z Catalogado en:20151218  |k CIM